Catálogo

Vista normal Vista MARC

Entrada Personal Name

Número de registros utilizados en: 1

001 - CONTROL NUMBER

  • control field: 16942

003 - CONTROL NUMBER IDENTIFIER

  • control field: DLC

005 - DATE AND TIME OF LATEST TRANSACTION

  • control field: 20250403165455.0

008 - FIXED-LENGTH DATA ELEMENTS

  • fixed length control field: 941203n| azannaabn |n aaa

010 ## - LIBRARY OF CONGRESS CONTROL NUMBER

  • LC control number: n 94116315

035 ## - SYSTEM CONTROL NUMBER

  • System control number: (OCoLC)oca03732915

040 ## - CATALOGING SOURCE

  • Original cataloging agency: DLC
  • Language of cataloging: spa
  • Description conventions: rda
  • Transcribing agency: Mx-PuUPA
  • Modifying agency: ICrlF
  • Modifying agency: Mx-PuUPA

046 ## - SPECIAL CODED DATES

  • Birth date: 1957
  • Source of date scheme: edtf

100 1# - HEADING--PERSONAL NAME

  • Personal name: Buchholz, Quint,
  • Dates associated with a name: 1957-

370 ## - ASSOCIATED PLACE

  • Place of birth: Stolberg am Harz (Alemania)
  • Place of residence/headquarters: Munich (Alemania)
  • Other associated place: Stuttgart (Alemania)

372 ## - FIELD OF ACTIVITY

  • Field of activity: Historia del Art
  • Field of activity: Bellas artes

374 ## - OCCUPATION

  • Occupation: Pintor
  • Occupation: Ilustrador
  • Occupation: Autor

375 ## - GENDER

  • Gender: hombre

377 ## - ASSOCIATED LANGUAGE

  • Language code: ger

670 ## - SOURCE DATA FOUND

  • Source citation: Sleep well, little bear, c1993:
  • Information found: t.p. (Quint Buchholz)

670 ## - SOURCE DATA FOUND

  • Source citation: Wer das Mondlicht fangt, c2001:
  • Information found: cover flap (b. 1957)

670 ## - SOURCE DATA FOUND

  • Source citation: Museum Syndicate website, Mar. 17, 2016
  • Information found: (Quint Buchholz was born in Stolberg, near Aachen, in 1957 and grew up in Stuttgart. Today he is living in Munich. He began studying art history in Munich before studying painting and graphic arts at the Academy of Fine Arts in Munich. Since 1979 he has worked as an illustrator and painter for various publishing houses in Germany and abroad. He has illustrated more than 30 books, many of which have received awards. Buchholz established his reputation with illustrations for numerous books, including works by Jostein Gaarder, Elke Heidenreich and Amos Oz, and through the design of many book covers and posters. Since 1982 his works have been shown in more than 70 exhibitions.)